Procesný manažment nie je len o procesných mapách

Význam informácií v procese manažmentu a identifikovanie správnych informácií. S nárastom objemu informácií narastá aj náročnosť realizácie jednotlivých čiastkových činností manažmentu. Manažment úspešných firiem, efektívne využívanie a evidencia informácií.

Saved in:
Bibliographic Details
Main Author: Polačko, Vladimír
Format: Book Chapter
Language:Slovak
Subjects:
Tags: Add Tag
No Tags, Be the first to tag this record!

MARC

LEADER 00000nla a2200000 4500
001 0163597
005 20240502072838.6
041 0 |a slo 
044 |a SK 
245 1 0 |a Procesný manažment nie je len o procesných mapách  |c Vladimír Polačko 
520 |a Význam informácií v procese manažmentu a identifikovanie správnych informácií. S nárastom objemu informácií narastá aj náročnosť realizácie jednotlivých čiastkových činností manažmentu. Manažment úspešných firiem, efektívne využívanie a evidencia informácií. 
610 2 0 |a manažment 
610 2 0 |a rozhodovanie manažérske 
610 2 0 |a riadenie strategické 
610 2 0 |a riadenie procesné 
610 2 0 |a informácie strategické 
610 2 0 |a zdroje informácií 
100 1 |a Polačko, Vladimír